书目信息 |
| 题名: |
大学生体育:排球
|
|
| 作者: | 姚鸿芬 , 王新华 编 | |
| 分册: | ||
| 出版信息: | 杭州 浙江大学出版社 1991.06 |
|
| 页数: | 130页 | |
| 开本: | 32开 | |
| 丛书名: | ||
| 单 册: | ||
| 中图分类: | G842 | |
| 科图分类: | ||
| 主题词: | 球类运动 | |
| 电子资源: | ||
| ISBN: | 7-308-00719-7 | |
| 000 | 00586nam0 2200205 45 | |
| 001 | 0010031625 | |
| 005 | 20001003163912.0 | |
| 010 | @a7-308-00719-7@d2.50元 | |
| 100 | @a20001003d1991 km y0chiy0120 ea | |
| 101 | 0 | @achi |
| 105 | @a z 000yy | |
| 200 | 1 | @a大学生体育:排球@ADa Xue Sheng Ti Yu:Pai Qiu@f姚鸿芬,王新华编@FYao Hong Fen,Wang Xin Hua Bian |
| 210 | @a杭州@c浙江大学出版社@d1991.06 | |
| 215 | @a130页@d32开 | |
| 606 | 0 | @a球类运动 |
| 690 | @aG842@v3 | |
| 701 | 0 | @a姚鸿芬@4编 |
| 701 | 0 | @a王新华@4编 |
| 801 | @aCN@bPftUser@c20001003 | |
| 905 | @b170040-049@dG842@eY242@f10 | |
| 大学生体育:排球/姚鸿芬,王新华编.-杭州:浙江大学出版社,1991.06 |
| 130页;32开 |
| ISBN 7-308-00719-7:2.50元 |
| ● |
| 相关链接 |
|
|
|
正题名:大学生体育:排球
索取号:G842/Y242
 
预约/预借
| 序号 | 登录号 | 条形码 | 馆藏地/架位号 | 状态 | 备注 |
| 1 | 170040 | 201700409 | 社科库409/409社科库 23排2列1层/ [索取号:G842/Y242] | 在馆 | |
| 2 | 170041 | 201700418 | 社科库409/422社科库 52排3列2层/ [索取号:G842/Y242] | 在馆 | |
| 3 | 170042 | 201700427 | 社科二线422/422社科库 40排1列5层/ [索取号:G842/Y242] | 在馆 | |
| 4 | 170043 | 201700436 | 社科库409/422社科库 52排3列2层/ [索取号:G842/Y242] | 在馆 | |
| 5 | 170044 | 201700445 | 社科二线422/422社科库 40排1列5层/ [索取号:G842/Y242] | 在馆 | |
| 6 | 170045 | 201700454 | 社科库409/422社科库 52排3列2层/ [索取号:G842/Y242] | 在馆 | |
| 7 | 170046 | 201700463 | 社科库409/422社科库 52排3列2层/ [索取号:G842/Y242] | 在馆 | |
| 8 | 170047 | 201700472 | 社科库409/422社科库 52排3列2层/ [索取号:G842/Y242] | 在馆 | |
| 9 | 170048 | 201700481 | 社科库409/422社科库 52排3列2层/ [索取号:G842/Y242] | 在馆 | |
| 10 | 170049 | 201700490 | 社科库409/409社科库 23排2列1层/ [索取号:G842/Y242] | 在馆 |